Princesa Lia (Registo nº 6125)
[ vista simples ]
| 000 -Etiqueta do registo | |
|---|---|
| Valores | 00707nam a2200229 4500 |
| 010 ## - Número ISBN | |
| ISBN | 9789720706300 |
| 100 ## - Dados gerais de processamento | |
| Dados gerais | 20260122d2017 u||y0pory50 ba |
| 200 ## - Titulo e menção de responsabilidade | |
| Título próprio | Princesa Lia |
| Outras menções de responsabilidade | adapt. Rita Amaral |
| 210 ## - Publicação | |
| Local de publicação | Porto |
| Nome do editor | Porto Editora |
| Data de publicação | 2017 |
| 215 ## - Descrição física | |
| Paginação / Volumes | 29 p. |
| Outras indicações físicas | il. |
| 225 ## - Colecção | |
| Título próprio da colecção | Tesouro de Princesas |
| 330 ## - Sumário ou Resumo | |
| Texto da nota | Junta-te à princesa Lia na sua festa de aniversário. O que poderás oferecer a uma princesa que já tem tudo? |
| 606 ## - Nome comum usado como assunto | |
| ID Autoridade | 14 |
| Palavra de ordem | Literatura infantil |
| 606 ## - Nome comum usado como assunto | |
| ID Autoridade | 13 |
| Palavra de ordem | Literatura Estrangeira |
| 675 ## - CDU | |
| Notação | 82-93 |
| Edição | BN |
| Língua | por |
| 675 ## - CDU | |
| Notação | 821.1/.8 |
| Edição | BN |
| Língua | por |
| 702 ## - Autor secundário (pessoa individual) | |
| ID Autoridade | 4963 |
| Apelido | Amaral |
| Nome | Rita |
| 801 ## - Fonte de origem | |
| País | PT |
| Agência | BMVN |
| Regras de catalogação | RPC |
| 830 ## - Notas gerais do catalogador | |
| Criado por | Ana Caetano |
| Data de criação | 22/01/2026 |
| 990 ## - Elementos KOHA | |
| Tipo de documento | Livro |
| Situação do levantamento | Biblioteca de origem | Código de barras | Cota | Permissão de empréstimo | Tipo de documento | Forma de aquisição |
|---|---|---|---|---|---|---|
| Biblioteca Escola Nº2 Vendas Novas | 100000003011 | LI EST PRI | Livro |